[Event "Lansing (MI Am/1/7)"]
[Site "?"]
[Date "1990.??.??"]
[Round "?"]
[White "Duckles, E."]
[Black "Smeltzer, P."]
[Result "0-1"]
[WhiteElo "1940"]
[BlackElo "1605"]
[PlyCount "64"]
[EventDate "1990.??.??"]

{1/(7)} 1. d4 Nf6 2. c4 e6 3. Nc3 Bb4 4. e3 O-O 5. a3 Bxc3+ 6. bxc3 b6 7. Bd3
c5 8. Ne2 d5 9. cxd5 exd5 10. O-O c4 11. Bc2 Nh5 12. f3 f5 13. e4 f4 14. exd5
Qg5 15. Qe1 Bb7 16. Be4 Nd7 17. Kh1 Rae8 18. g3 Qd8 19. g4 Nhf6 20. Nxf4 Nxd5
21. Nxd5 Kh8 22. Ne3 Bxe4 23. fxe4 Nf6 24. e5 Qa8+ 25. Kg1 Ne4 26. Rxf8+ Rxf8
27. Ra2 Ng5 28. Qg3 Rf3 29. Qh4 Nh3+ 30. Kg2 Nf4+ 31. Kg1 Nh3+ 32. Kg2 Rxe3+
0-1

[Event "Lansing (Feb)"]
[Site "?"]
[Date "1990.??.??"]
[Round "?"]
[White "Draper, M."]
[Black "Vangilder, D."]
[Result "0-1"]
[WhiteElo "1605"]
[BlackElo "1605"]
[PlyCount "68"]
[EventDate "1990.??.??"]

1. e4 c5 2. Nf3 Nc6 3. d4 cxd4 4. Nxd4 Nxd4 5. Qxd4 e6 6. e5 Ne7 7. Bg5 Qc7 8.
Nc3 a6 9. Bd3 Nc6 10. Qe3 Bb4 11. O-O Bxc3 12. bxc3 Qxe5 13. Qxe5 Nxe5 14. Be2
h6 15. Be3 O-O 16. f4 Nc6 17. Rf3 b5 18. Raf1 Bb7 19. Rg3 f5 20. Bf3 Rab8 21.
Rd1 Rf7 22. Bc5 Kh7 23. Bh5 Rd8 24. Bxf7 Nb8 25. Bxe6 Be4 26. Rxd7 Nxd7 27. Bb3
Nxc5 28. Re3 Rd2 29. Rg3 Nxb3 30. axb3 Rxc2 31. c4 bxc4 32. bxc4 Rxc4 33. Ra3
Rc6 34. h3 g5 0-1

[Event "Detroit (RVO/5)"]
[Site "?"]
[Date "1990.??.??"]
[Round "?"]
[White "Dowling, John"]
[Black "Calton, Bill"]
[Result "1-0"]
[WhiteElo "2185"]
[BlackElo "2015"]
[PlyCount "83"]
[EventDate "1990.??.??"]

1. e4 Nf6 2. Nc3 d5 3. d4 dxe4 4. f3 exf3 5. Nxf3 g6 6. Bc4 Bg7 7. O-O O-O 8.
Qe1 Bg4 9. Qh4 Nc6 10. Be3 Bxf3 11. Rxf3 e5 12. Rd1 Nxd4 13. Rh3 Nh5 14. Qf2
Qf6 15. Qd2 Nf4 16. Rg3 Rad8 17. Qc1 Qc6 18. Bf1 Nf5 19. Bxf4 exf4 20. Rf3 Bd4+
21. Kh1 Be3 22. Qb1 Rde8 23. Bb5 Qc5 24. Bxe8 Rxe8 25. Nd5 Re5 26. Nf6+ Kg7 27.
Nd7 Qe7 28. Nxe5 Qxe5 29. c3 Ng3+ 30. Rxg3 fxg3 31. Re1 Qf4 32. Qd3 Bc5 33.
Qxg3 Qxg3 34. hxg3 Bd6 35. Kh2 h5 36. Kh3 f5 37. Re3 Kf7 38. Rd3 Ke6 39. Re3+
Be5 40. Kh4 Kf6 41. Rxe5 Kxe5 42. Kg5 1-0

[Event "Detroit (RVO/3)"]
[Site "?"]
[Date "1990.??.??"]
[Round "?"]
[White "Dowling, John"]
[Black "Bailey, Greg"]
[Result "0-1"]
[WhiteElo "2185"]
[BlackElo "2105"]
[PlyCount "122"]
[EventDate "1990.??.??"]

1. e4 e6 2. Nf3 d5 3. e5 c5 4. b4 cxb4 5. d4 Bd7 6. Bd3 Qa5 7. O-O Bb5 8. Re1
Nc6 9. Re3 Nge7 10. Nbd2 g6 11. Nb3 Qb6 12. Ng5 h6 13. Rh3 Bxd3 14. Qxd3 Bg7
15. Nf3 a5 16. g4 a4 17. Nbd2 Qa6 18. Qe3 Na5 19. Rb1 Nec6 20. Qf4 Qe2 21. a3
Qd1+ 22. Kg2 Qxc2 23. Ne1 Qd1 24. Rf3 Rf8 25. Bb2 Qe2 26. Nd3 g5 27. Qe3 Qxe3
28. fxe3 b3 29. Rc1 b5 30. Rc5 Rb8 31. Bc3 Kd7 32. e4 Nc4 33. exd5 Nxd4 34.
dxe6+ Nxe6 35. Rd5+ Ke8 36. Ne4 Nc7 37. Rc5 Na6 38. Rc6 Rb6 39. Nd6+ Kd7 40.
Rxb6 Nxb6 41. Nxb5 Ke7 42. Nd4 Rc8 43. Bb2 Nc4 44. Nf5+ Kf8 45. Nxg7 Nxb2 46.
Nxb2 Rc2+ 47. Rf2 Kxg7 48. Kf3 Nc5 49. Ke3 Rxf2 50. Kxf2 Nd7 51. Nxa4 Nxe5 52.
Ke2 Nc4 53. Kd3 Nxa3 54. Kc3 Nb5+ 55. Kxb3 Nd4+ 56. Kc4 Nf3 57. h3 Ng1 58. Kd4
Nxh3 59. Ke3 Kg6 60. Nc3 Nf4 61. Ne4 f5 0-1

[Event "Lansing (MI Am/3/50)"]
[Site "?"]
[Date "1990.??.??"]
[Round "?"]
[White "Dowling, James"]
[Black "Vangilder, W."]
[Result "0-1"]
[WhiteElo "1605"]
[BlackElo "1605"]
[PlyCount "94"]
[EventDate "1990.??.??"]

{3/(50)} 1. e4 e5 2. Nf3 Nc6 3. Bc4 Nf6 4. d3 h6 5. O-O Bc5 6. Nc3 d6 7. Be3
Bxe3 8. fxe3 O-O 9. h3 Bd7 10. Rf2 Na5 11. b3 Nxc4 12. bxc4 c5 13. Nd5 Nxd5 14.
cxd5 b5 15. c4 b4 16. d4 exd4 17. exd4 Qe8 18. Qd3 Qc8 19. Kh2 Qc7 20. g4 Rab8
21. Rb1 a5 22. dxc5 Qxc5 23. Rbb2 a4 24. Nd4 a3 25. Rbd2 Ba4 26. Nb3 Bxb3 27.
axb3 Rb7 28. Kg3 Ra8 29. Ra2 Qc7 30. Qd4 Qe7 31. Rfe2 Re8 32. h4 Qc7 33. Kf4
Re5 34. g5 hxg5+ 35. hxg5 Qd8 36. Qg1 f5 37. gxf6 Qxf6+ 38. Ke3 Rbe7 39. Kd2
Rxe4 40. Rxe4 Qc3+ 41. Kd1 Rxe4 42. c5 Qxb3+ 43. Rc2 Qb1+ 44. Kd2 Qxg1 45. c6
Qe3+ 46. Kd1 Rd4+ 47. Rd2 Qxd2# 0-1

[Event "Lansing (MI Am/5/41)"]
[Site "?"]
[Date "1990.??.??"]
[Round "?"]
[White "Dowling, James"]
[Black "Sujarit, T."]
[Result "0-1"]
[WhiteElo "1605"]
[BlackElo "1605"]
[PlyCount "78"]
[EventDate "1990.??.??"]

{5/(41)} 1. e4 e5 2. Nf3 Nc6 3. Bb5 a6 4. Bxc6 dxc6 5. O-O Nf6 6. d3 Bd6 7.
Nbd2 O-O 8. Nc4 b5 9. Ncxe5 Bxe5 10. Nxe5 Qd6 11. f4 Qd4+ 12. Kh1 Bb7 13. Nf3
Qb6 14. Qe1 Rfe8 15. b4 c5 16. Be3 Qc6 17. Ne5 Qe6 18. bxc5 Ng4 19. Nxg4 Qxg4
20. h3 Qh5 21. f5 Re5 22. Rf4 g5 23. Rg4 Rxf5 24. exf5 Qxh3+ 25. Kg1 Qxg4 26.
Qf2 Re8 27. Re1 h5 28. Re2 Re5 29. Kh2 Rxf5 30. Qe1 Bf3 31. Rd2 h4 32. c3 Bd5
33. Bd4 Kh7 34. Qe8 Qf4+ 35. Kg1 Qxd2 36. Qh8+ Kg6 37. Qg7+ Kh5 38. Qh8+ Kg4
39. Bf2 Qxf2+ 0-1

[Event "Lansing (MI Am/1/36)"]
[Site "?"]
[Date "1990.??.??"]
[Round "?"]
[White "Dowling, James"]
[Black "June, Brian"]
[Result "0-1"]
[WhiteElo "1605"]
[BlackElo "1740"]
[PlyCount "96"]
[EventDate "1990.??.??"]

{1/(36)} 1. e4 c5 2. c4 Nc6 3. Nc3 g6 4. Nf3 Bg7 5. Qc2 Nf6 6. d3 O-O 7. a3 d6
8. Be2 Bg4 9. Be3 Qd7 10. O-O-O a6 11. h3 Bxf3 12. Bxf3 Ne5 13. Bd2 b5 14. Nd5
Nxd5 15. exd5 bxc4 16. dxc4 Rab8 17. Bc3 Rb7 18. Kd2 Nxc4+ 19. Ke2 Bxc3 20.
Qxc3 Qb5 21. Rb1 Nxa3+ 22. Ke3 Nc4+ 23. Kf4 e5+ 24. Kg5 Qb3 25. Qe1 Kg7 26. Qc3
Qxc3 27. bxc3 Rfb8 28. Rxb7 Rxb7 29. Be2 Nb6 30. Bxa6 Rb8 31. c4 Nd7 32. Bb5
Nf6 33. f3 Ra8 34. Kh4 Ra2 35. Rg1 Rb2 36. g4 Nxd5 37. cxd5 Rxb5 38. Kg3 c4 39.
Kf2 Rxd5 40. Rc1 Rc5 41. Ke3 d5 42. f4 f6 43. fxe5 fxe5 44. h4 d4+ 45. Ke4 d3
46. Rd1 Kf6 47. g5+ Ke6 48. Rd2 Rd5 0-1

[Event "Detroit (MOR/4/43)"]
[Site "?"]
[Date "1990.??.??"]
[Round "?"]
[White "Donovan, R."]
[Black "Nixon, Peter"]
[Result "0-1"]
[WhiteElo "1605"]
[BlackElo "1605"]
[PlyCount "108"]
[EventDate "1990.??.??"]

{4/(43)} 1. d4 d5 2. c4 Nf6 3. cxd5 Qxd5 4. Nc3 Qf5 5. e3 Ne4 6. Nxe4 Qxe4 7.
Nf3 Bg4 8. Be2 e6 9. O-O Bd6 10. Bd3 Qc6 11. h3 Bxf3 12. Qxf3 Qxf3 13. gxf3 Nd7
14. e4 O-O-O 15. f4 Be7 16. e5 Nc5 17. Bc2 Na6 18. Bb3 Rxd4 19. Be3 Rd3 20. Bc4
Rd7 21. Bxa6 bxa6 22. Bxa7 c5 23. Bb6 Rb7 24. Ba5 Rxb2 25. Rfb1 Rb5 26. Rxb5
axb5 27. Rb1 b4 28. Kf1 Kd7 29. Ke2 Ra8 30. Rd1+ Kc6 31. Bxb4 cxb4 32. Rc1+ Kb7
33. Rc2 Rc8 34. Rb2 Ka6 35. Rb3 Rc2+ 36. Kd3 Rxa2 37. Kc4 Rc2+ 38. Kd3 Rxf2 39.
Ke4 Kb5 40. Kd3 Rf3+ 41. Kc2 Rxb3 42. Kxb3 Kc5 43. Kc2 Kc4 44. Kb2 Kd4 45. Kb3
Ke4 46. Kc2 Kxf4 47. Kb3 Kxe5 48. Kc4 Ke4 49. h4 f5 50. h5 f4 51. Kb3 f3 52.
Kc2 f2 53. h6 gxh6 54. Kb3 f1=Q 0-1

[Event "Detroit (MOR/2/38)"]
[Site "?"]
[Date "1990.??.??"]
[Round "?"]
[White "Donovan, R."]
[Black "Foord, Allan"]
[Result "0-1"]
[WhiteElo "1605"]
[BlackElo "1680"]
[PlyCount "120"]
[EventDate "1990.??.??"]

{2/(38)} 1. e4 c5 2. Nf3 d6 3. Nc3 Nc6 4. Bb5 Bd7 5. Bxc6 Bxc6 6. O-O Nf6 7.
Re1 Qc7 8. d3 e6 9. Bf4 Be7 10. e5 dxe5 11. Bxe5 Qb6 12. b3 Rd8 13. Rb1 Rd7 14.
Na4 Qa5 15. c4 O-O 16. Bc3 Qd8 17. Be5 Rxd3 18. Qe2 Bxf3 19. gxf3 Rd2 20. Qe3
Qd3 21. Bc3 Qxe3 22. Rxe3 Rxa2 23. Rd3 Rd8 24. Rbd1 Rxd3 25. Rxd3 b6 26. Bb2
Kf8 27. Kf1 Ke8 28. Ke1 g6 29. Kd1 Nd7 30. Kc1 Bf6 31. Kb1 Rxb2+ 32. Nxb2 Bd4
33. Nd1 Ne5 34. Rd2 Nxf3 35. Rd3 Nxh2 36. Rh3 Ng4 37. Rxh7 Nxf2 38. Nxf2 Bxf2
39. Rh8+ Kd7 40. Rf8 Ke7 41. Ra8 a5 42. Rb8 g5 43. Rxb6 g4 44. Rb8 g3 45. Rg8
e5 46. Kc2 Ke6 47. Kd1 Kf5 48. Ke2 Kf4 49. Ra8 e4 50. Rxa5 Bd4 51. Kf1 Kf3 52.
Ra2 f5 53. b4 cxb4 54. Rd2 Ke3 55. Re2+ Kd3 56. Rg2 f4 57. Ke1 Kxc4 58. Kf1 b3
59. Re2 e3 60. Kg2 b2 0-1

[Event "Detroit (MOR/6/40)"]
[Site "?"]
[Date "1990.??.??"]
[Round "?"]
[White "Donovan, R."]
[Black "Duweck, Mike"]
[Result "1-0"]
[WhiteElo "1605"]
[BlackElo "1605"]
[PlyCount "87"]
[EventDate "1990.??.??"]

{6/(40)} 1. d4 Nf6 2. c4 d5 3. Nc3 e6 4. Bg5 Nbd7 5. cxd5 exd5 6. Nxd5 c6 7.
Nc3 Qa5 8. Bd2 Bb4 9. a3 Bxc3 10. Bxc3 Qc7 11. e3 Ne4 12. Bd2 O-O 13. Bd3 Ndf6
14. Nf3 Bg4 15. h3 Bxf3 16. Qxf3 Nxd2 17. Kxd2 Qa5+ 18. Ke2 Rfe8 19. Rhd1 Qb6
20. Rab1 Rad8 21. Kf1 Qb3 22. Kg1 Rd7 23. Bf5 Rde7 24. Re1 g6 25. Bc8 Ne4 26.
Bg4 Nd2 27. Qd1 Qxd1 28. Rbxd1 Ne4 29. Bf3 f5 30. Bxe4 Rxe4 31. Rc1 Kf7 32. Rc5
Ke6 33. f3 Rh4 34. Re5+ Kd7 35. Rxe8 Kxe8 36. g3 Rxh3 37. Kg2 Rh6 38. f4 Ke7
39. Rc1 Kf6 40. Rc5 g5 41. fxg5+ Kxg5 42. Re5 Kg4 43. Re7 Rh3 44. Rg7+ 1-0

[Event "Detroit (MCO/3/20)"]
[Site "?"]
[Date "1990.??.??"]
[Round "?"]
[White "Dobbs, Edward"]
[Black "Graham, F."]
[Result "1-0"]
[WhiteElo "1755"]
[BlackElo "1605"]
[PlyCount "113"]
[EventDate "1990.??.??"]

{3/(20)} 1. c4 e5 2. Nc3 Bc5 3. e3 Nf6 4. d4 exd4 5. exd4 Qe7+ 6. Be2 Bb4 7.
Nf3 Bxc3+ 8. bxc3 d6 9. O-O O-O 10. Re1 Bg4 11. h3 Bh5 12. Bg5 Nbd7 13. Qb3 b6
14. Bd3 Qd8 15. Be4 Bxf3 16. Bxf3 Rb8 17. Bc6 Qc8 18. Re7 Re8 19. Bxf6 gxf6 20.
Bxd7 Rxe7 21. Bxc8 Rxc8 22. c5 dxc5 23. dxc5 Rce8 24. cxb6 cxb6 25. a4 Re2 26.
a5 Re1+ 27. Rxe1 Rxe1+ 28. Kh2 bxa5 29. Qb8+ Kg7 30. Qxa7 Ra1 31. c4 Rc1 32.
Qxa5 Rxc4 33. Qd5 Rf4 34. Kg3 Ra4 35. h4 Ra6 36. h5 h6 37. Kh4 Ra4+ 38. g4 Rf4
39. Kg3 Ra4 40. f4 Ra1 41. Kf2 Ra4 42. Qf5 Ra2+ 43. Kg3 Ra6 44. g5 Rb6 45.
gxh6+ Kxh6 46. Kg4 Rc6 47. Qd7 Rc1 48. Qxf7 Rg1+ 49. Kf5 Rg7 50. Qxf6+ Kh7 51.
h6 Ra7 52. Qg6+ Kh8 53. Qb6 Ra8 54. Qb7 Rf8+ 55. Kg6 Rg8+ 56. Kh5 Rf8 57. Qg7#
1-0

[Event "Flint (Class A/2)"]
[Site "?"]
[Date "1990.??.??"]
[Round "?"]
[White "Decker, Dale"]
[Black "Triplett, Thomas"]
[Result "1/2-1/2"]
[WhiteElo "1870"]
[BlackElo "1940"]
[PlyCount "94"]
[EventDate "1990.??.??"]

1. e4 c5 2. c3 d5 3. exd5 Qxd5 4. d4 cxd4 5. cxd4 e5 6. Nc3 Bb4 7. Qa4+ Nc6 8.
Qxb4 Nxb4 9. Nxd5 Nxd5 10. Bb5+ Bd7 11. Bxd7+ Kxd7 12. Nf3 exd4 13. O-O f6 14.
Nxd4 Nge7 15. Bd2 Ke8 16. Rfe1 Kf7 17. Nb5 Rhd8 18. Re2 Rd7 19. Nc3 Nxc3 20.
Bxc3 Rad8 21. Rae1 Nd5 22. Bd2 Rc8 23. g3 Rc2 24. Bc3 Rxe2 25. Rxe2 Nxc3 26.
bxc3 Rd1+ 27. Kg2 Rc1 28. Rb2 b6 29. Rb3 Rd1 30. Ra3 Rd7 31. Kf3 Ke6 32. Ra4 f5
33. Ke3 g5 34. h4 h6 35. hxg5 hxg5 36. Rb4 Rc7 37. Kd3 Rd7+ 38. Kc2 Rd6 39. g4
fxg4 40. Rxg4 Kf5 41. f3 Rd5 42. Ra4 a5 43. Re4 Re5 44. Rxe5+ Kxe5 45. Kd3 Kf4
46. Ke2 b5 47. a3 Kf5 1/2-1/2

[Event "Lansing (Mini-Swiss.1/2)"]
[Site "?"]
[Date "1990.??.??"]
[Round "?"]
[White "Decker, Dale"]
[Black "Scott, Steven"]
[Result "0-1"]
[WhiteElo "1825"]
[BlackElo "1910"]
[PlyCount "76"]
[EventDate "1990.??.??"]

{1/(2)} 1. e4 c5 2. c3 d6 3. d4 cxd4 4. cxd4 Nf6 5. Nc3 e6 6. Nf3 Be7 7. Bd3
Nc6 8. O-O a6 9. a3 Qc7 10. Bg5 Bd7 11. Rc1 Qa5 12. Bc2 O-O 13. Qd3 e5 14. d5
Na7 15. Nd2 Rac8 16. Nc4 Qc7 17. Ne3 Nb5 18. Nf5 Bxf5 19. Nxb5 axb5 20. exf5
Qc4 21. Bxf6 Bxf6 22. b3 Qc3 23. Qe3 Qxe3 24. fxe3 Rc3 25. Bb1 Rfc8 26. Rxc3
Rxc3 27. e4 Rxb3 28. Rc1 g6 29. g4 Rxa3 30. Rc8+ Kg7 31. Bc2 b4 32. Rc7 Rc3 33.
Rxc3 bxc3 34. Kf1 b5 35. Ke2 Bd8 36. Bd3 b4 37. Bc4 Bb6 38. Kd3 Bc5 $138 0-1

[Event "Lansing (Mini-Swiss.3/2)"]
[Site "?"]
[Date "1990.??.??"]
[Round "?"]
[White "Decker, Dale"]
[Black "Rosenberg, Steve"]
[Result "0-1"]
[WhiteElo "1825"]
[BlackElo "1770"]
[PlyCount "86"]
[EventDate "1990.??.??"]

{3/(2)} 1. e4 Nf6 2. d3 e5 3. Nf3 Nc6 4. g3 d6 5. Bg2 g6 6. O-O Bg7 7. c3 Bg4
8. h3 Bd7 9. Be3 O-O 10. Qd2 Re8 11. Kh2 d5 12. exd5 Nxd5 13. Bh6 Nf6 14. Bxg7
Kxg7 15. Re1 Bf5 16. Rd1 e4 17. Nh4 Qd7 18. Nxf5+ Qxf5 19. d4 Re7 20. Na3 Rae8
21. Nc4 Nd5 22. Ne3 Nxe3 23. fxe3 Qg5 24. Rf1 Rd7 25. Qf2 f5 26. h4 Qf6 27. Qe2
Qd6 28. Rf4 Ne7 29. c4 c6 30. Raf1 Ng8 31. h5 Nf6 32. hxg6 hxg6 33. Bh3 Rh8 34.
Kg2 Nh5 35. Qf2 Nxf4+ 36. Qxf4 Qxf4 37. Rxf4 Kf6 38. g4 Rdh7 39. gxf5 Rxh3 40.
fxg6+ Kxg6 41. Rxe4 Rh2+ 42. Kf3 R8h3+ 43. Kf4 Rh4+ 0-1

[Event "Lansing (Mini-Swiss.2/1)"]
[Site "?"]
[Date "1990.??.??"]
[Round "?"]
[White "Decker, Dale"]
[Black "Ford, William"]
[Result "0-1"]
[WhiteElo "1825"]
[BlackElo "1895"]
[PlyCount "78"]
[EventDate "1990.??.??"]

{2/(1)} 1. e4 e6 2. d3 d5 3. Nd2 c5 4. c3 Nc6 5. Ngf3 Bd6 6. g3 Nge7 7. Bg2 O-O
8. O-O Ng6 9. Re1 Bd7 10. d4 cxd4 11. exd5 dxc3 12. Nc4 Bb4 13. dxc6 Bxc6 14.
Qc2 cxb2 15. Bxb2 Bxe1 16. Rxe1 Rc8 17. Qc3 Qf6 18. Qe3 Qd8 19. Ba3 Bxf3 20.
Nd6 Qa5 21. Nxb7 Bxb7 22. Bxf8 Bxg2 23. Kxg2 Kxf8 24. Re2 Ne7 25. Rd2 Nf5 26.
Qd3 Qc7 27. Qa3+ Kg8 28. Qa6 g6 29. f3 Qc3 30. Qe2 Nd4 31. Qf2 Nf5 32. h4 Qa5
33. Kh3 Kg7 34. Rd7 Nh6 35. Rxa7 Qf5+ 36. g4 Nxg4 37. Qb2+ Nf6+ 38. Kg3 Rc2 39.
Qb1 Nh5# 0-1

[Event "Lansing (Apr)"]
[Site "?"]
[Date "1990.??.??"]
[Round "?"]
[White "Decker, Dale"]
[Black "Brattin, Vincent"]
[Result "0-1"]
[WhiteElo "1870"]
[BlackElo "1945"]
[PlyCount "94"]
[EventDate "1990.??.??"]

1. e4 c6 2. d3 d5 3. Nd2 dxe4 4. dxe4 g6 5. Ngf3 Bg7 6. Bc4 Nf6 7. O-O O-O 8.
Qe2 Qc7 9. c3 Bg4 10. h3 Bxf3 11. Nxf3 e5 12. Bg5 Nbd7 13. Rfd1 Nb6 14. Bb3
Rad8 15. Be3 h6 16. Bc5 Rfe8 17. Rxd8 Rxd8 18. Rd1 Rxd1+ 19. Bxd1 Nfd7 20. Be3
c5 21. c4 Nb8 22. Nd2 N6d7 23. Nb1 Nc6 24. Nc3 Nd4 25. Qd2 Nb6 26. b3 Kh7 27.
f4 exf4 28. Bxf4 Qe7 29. Kh1 Be5 30. Nd5 Nxd5 31. cxd5 b5 32. Bxe5 Qxe5 33. Bf3
Nxf3 34. gxf3 Qg3 35. Qg2 Qf4 36. Qg4 Qc1+ 37. Qg1 Qf4 38. Qf2 c4 39. bxc4 bxc4
40. Kg2 c3 41. Kf1 Qc1+ 42. Qe1 Qb2 43. d6 c2 44. d7 Qb5+ 45. Kf2 Qxd7 46. Ke2
Qb5+ 47. Ke3 Qb1 0-1

[Event "Detroit (MOR/6/28)"]
[Site "?"]
[Date "1990.??.??"]
[Round "?"]
[White "DeJongh, John"]
[Black "Turner, Keita"]
[Result "0-1"]
[WhiteElo "1685"]
[BlackElo "1605"]
[PlyCount "48"]
[EventDate "1990.??.??"]

{6/(28)} 1. d4 Nf6 2. c4 e5 3. dxe5 Ng4 4. Nf3 Nc6 5. Bg5 Be7 6. Bxe7 Qxe7 7.
Nc3 Ncxe5 8. Nxe5 Nxe5 9. e3 d6 10. Be2 Be6 11. b3 O-O-O 12. O-O h5 13. Nd5 Qh4
14. g3 Qh3 15. Nf4 Qf5 16. Qb1 Qf6 17. h4 g5 18. Nxh5 Nf3+ 19. Kh1 Rxh5 20. Kg2
gxh4 21. Bxf3 h3+ 22. Kh2 Qxf3 23. Rg1 Qxf2+ 24. Kh1 Bg4 0-1

[Event "Detroit (RVO/2)"]
[Site "?"]
[Date "1990.??.??"]
[Round "?"]
[White "DeJongh, John"]
[Black "Troupe, D."]
[Result "1-0"]
[WhiteElo "1655"]
[BlackElo "1605"]
[PlyCount "115"]
[EventDate "1990.??.??"]

1. d4 d5 2. c4 Nf6 3. Nc3 Nc6 4. e3 Bf5 5. cxd5 Nxd5 6. Bb5 Nxc3 7. Bxc6+ bxc6
8. bxc3 Qd5 9. f3 Qb5 10. e4 Bg6 11. Ne2 e6 12. O-O Bd6 13. Nf4 O-O 14. Nxg6
fxg6 15. e5 Be7 16. Qb3 Qd5 17. Qxd5 cxd5 18. a4 Rab8 19. a5 c5 20. Ba3 Rfc8
21. a6 Rb6 22. Bxc5 Bxc5 23. dxc5 Rxc5 24. Rfb1 Rcc6 25. Kf2 Rxb1 26. Rxb1 Rxa6
27. Rb8+ Kf7 28. Rb7+ Kf8 29. Ke3 h6 30. Rb8+ Kf7 31. Rb7+ Kg8 32. Kd4 Ra4+ 33.
Kd3 g5 34. g4 a5 35. Re7 Rf4 36. Rxe6 Kf7 37. Ra6 a4 38. Ke3 Ke7 39. h4 Rc4 40.
hxg5 Rxc3+ 41. Kd4 Rxf3 42. Kxd5 hxg5 43. Ra7+ Kf8 44. Rxa4 Rf7 45. Ra8+ Ke7
46. Ra7+ Ke8 47. Rxf7 Kxf7 48. Kd6 Ke8 49. Ke6 g6 50. Kf6 Kf8 51. Kxg6 Ke7 52.
Kxg5 Ke6 53. Kf4 Kf7 54. Kf5 Ke7 55. g5 Kf7 56. g6+ Kg7 57. e6 Kf8 58. Kf6 1-0

[Event "Detroit (MOR/4/33)"]
[Site "?"]
[Date "1990.??.??"]
[Round "?"]
[White "DeJongh, John"]
[Black "Stinson, Darlene"]
[Result "1-0"]
[WhiteElo "1685"]
[BlackElo "1605"]
[PlyCount "155"]
[EventDate "1990.??.??"]

{4/(33)} 1. d4 Nf6 2. c4 g6 3. Nf3 Bg7 4. Nc3 d6 5. e4 Bg4 6. Be2 Nbd7 7. h3
Bxf3 8. Bxf3 e5 9. d5 O-O 10. O-O Qe7 11. Be3 b6 12. b4 Rac8 13. Nb5 a6 14. Na7
Ra8 15. Nc6 Qe8 16. a4 Nb8 17. b5 axb5 18. cxb5 Nfd7 19. Qd2 f5 20. exf5 e4 21.
Be2 Bxa1 22. Rxa1 gxf5 23. Bh6 Rf6 24. Qg5+ Rg6 25. Ne7+ Kh8 26. Nxg6+ Qxg6 27.
Qd8+ Qg8 28. Qxg8+ Kxg8 29. Ra3 Nf6 30. Rg3+ Kf7 31. Rg7+ Ke8 32. Rxc7 Rxa4 33.
Rc8+ Kd7 34. Rxb8 Nxd5 35. Rb7+ Kc8 36. Rxh7 Nc3 37. Bh5 Nxb5 38. Be8 Ra1+ 39.
Kh2 Nd4 40. Bg7 Rd1 41. Bxd4 Rxd4 42. Bd7+ Kc7 43. Bxf5+ Kc6 44. Re7 d5 45. Re8
b5 46. Rb8 b4 47. h4 Kc7 48. Rc8+ Kb7 49. Rc1 b3 50. Rb1 Rb4 51. h5 Kc6 52. h6
e3 53. fxe3 Rh4+ 54. Kg3 Rxh6 55. Rxb3 Rf6 56. Kf4 Kd6 57. Rb6+ Ke7 58. Rxf6
Kxf6 59. g4 Kf7 60. Ke5 Ke7 61. Kxd5 Kf7 62. g5 Kg7 63. e4 Kf7 64. e5 Ke7 65.
e6 Kf8 66. Kd6 Ke8 67. Bg6+ Kf8 68. e7+ Kg7 69. Ke6 Kxg6 70. e8=Q+ Kxg5 71. Qf7
Kg4 72. Qf5+ Kg3 73. Ke5 Kh4 74. Ke4 Kg3 75. Qf4+ Kh3 76. Qg5 Kh2 77. Kf3 Kh1
78. Qg2# 1-0

[Event "Detroit (RVO/4)"]
[Site "?"]
[Date "1990.??.??"]
[Round "?"]
[White "DeJongh, John"]
[Black "Nikitin, Mike"]
[Result "1/2-1/2"]
[WhiteElo "1655"]
[BlackElo "1610"]
[PlyCount "58"]
[EventDate "1990.??.??"]

1. e4 e6 2. d4 d5 3. Nc3 c5 4. Nf3 Nc6 5. Bd3 cxd4 6. exd5 exd5 7. Nb1 Bc5 8.
O-O Nf6 9. Re1+ Be6 10. Bb5 O-O 11. Bxc6 bxc6 12. Nxd4 Qb6 13. c3 Rfe8 14. b4
Bxd4 15. Qxd4 Bf5 16. Be3 Qxd4 17. cxd4 a5 18. bxa5 Rxa5 19. Nd2 Rea8 20. Nf3
Rxa2 21. Rxa2 Rxa2 22. h3 h6 23. Ne5 Rc2 24. Rb1 Nd7 25. Nxd7 Bxd7 26. Rb7 Be6
27. g4 h5 28. f3 hxg4 29. hxg4 Kh7 1/2-1/2

[Event "Detroit (MOR/2/21)"]
[Site "?"]
[Date "1990.??.??"]
[Round "?"]
[White "DeJongh, John"]
[Black "Endres, John"]
[Result "1/2-1/2"]
[WhiteElo "1685"]
[BlackElo "1605"]
[PlyCount "115"]
[EventDate "1990.??.??"]

{2/(21)} 1. d4 Nf6 2. c4 g6 3. Nc3 d5 4. Nf3 Bg7 5. Bg5 O-O 6. Bxf6 Bxf6 7.
Nxd5 Bg7 8. e3 Nc6 9. Be2 e5 10. Nxe5 Nxe5 11. dxe5 Bxe5 12. Qc2 Bf5 13. e4 Be6
14. g3 c6 15. Nc3 Qd4 16. Rd1 Qc5 17. O-O Bh3 18. Rfe1 Bd4 19. Bd3 Bg4 20. Rd2
Qh5 21. Bf1 Rad8 22. Bg2 Qg5 23. Kh1 Bxc3 24. Rxd8 Bxe1 25. Rxf8+ Kxf8 26. f3
Be6 27. b3 Qd2 28. Qxd2 Bxd2 29. Kg1 Ke7 30. Kf2 Kd8 31. Ke2 Bc3 32. Kd3 Bg7
33. b4 Ke7 34. a4 Bf8 35. Kc3 c5 36. b5 b6 37. Bf1 Bg7+ 38. Kd2 Bd4 39. h3 Bf2
40. g4 Bg3 41. Ke3 Kd6 42. f4 h6 43. Kf3 Be1 44. e5+ Ke7 45. Ke4 f6 46. f5
gxf5+ 47. gxf5 Bg8 48. e6 Kd6 49. Be2 Bd2 50. Kd3 Be1 51. Ke4 Bh7 52. Bh5 Ke7
53. Bg4 Kd6 54. Bh5 Bg8 55. Bf3 Bxe6 56. fxe6 Kxe6 57. Bg4+ Kd6 58. Bh5 1/2-1/2

[Event "Detroit (MCO/3/22)"]
[Site "?"]
[Date "1990.??.??"]
[Round "?"]
[White "Davy, Erez"]
[Black "Sturgis, Derreck"]
[Result "1-0"]
[WhiteElo "1605"]
[BlackElo "1605"]
[PlyCount "53"]
[EventDate "1990.??.??"]

{3/(22)} 1. d4 d5 2. c4 e6 3. e3 Nf6 4. Nf3 c6 5. Bd3 Nbd7 6. O-O a6 7. a4 b6
8. Nc3 Bb4 9. Bd2 Bxc3 10. Bxc3 Bb7 11. cxd5 cxd5 12. Rc1 O-O 13. Qe2 Bc6 14.
Bb4 Bxa4 15. Bxf8 Kxf8 16. Bxa6 b5 17. Bxb5 Bxb5 18. Qxb5 Rb8 19. Qa6 Nb6 20.
Qd3 Nc4 21. Rc2 Nxb2 22. Rxb2 Rxb2 23. Qa3+ Qe7 24. Qxb2 g6 25. Rc1 Kg7 26. Ne5
Qd6 27. Qb7 1-0

[Event "Detroit (RVO/2)"]
[Site "?"]
[Date "1990.??.??"]
[Round "?"]
[White "Davy, Erez"]
[Black "Manion, Tom"]
[Result "1-0"]
[WhiteElo "1605"]
[BlackElo "1870"]
[PlyCount "99"]
[EventDate "1990.??.??"]

1. c4 e5 2. Nc3 Nf6 3. d3 Nc6 4. Nf3 d5 5. cxd5 Nxd5 6. Bd2 Be7 7. g3 Be6 8.
Bg2 Qd7 9. O-O O-O 10. a3 a5 11. Rc1 Rad8 12. Qc2 Bh3 13. Nxd5 Bd6 14. Nc3 h6
15. Ne4 Bxg2 16. Kxg2 Kh8 17. Nxd6 cxd6 18. Bc3 f5 19. Rcd1 f4 20. d4 fxg3 21.
hxg3 Qc7 22. dxe5 dxe5 23. Rxd8 Rxd8 24. Bxe5 Qe7 25. Bc3 Rd5 26. Rd1 Rh5 27.
Nh4 Qg5 28. Qg6 Qxg6 29. Nxg6+ Kh7 30. Nf4 Rf5 31. Rd7 Ne5 32. Bxe5 Rxe5 33.
Rxb7 h5 34. a4 Re4 35. b3 Kh6 36. Rb6+ Kh7 37. Rb5 g6 38. Rxa5 Rb4 39. Rb5 Re4
40. Rb6 g5 41. Nxh5 Rxe2 42. Nf6+ Kg7 43. a5 g4 44. Nxg4 Ra2 45. a6 Ra3 46.
Rb7+ Kg6 47. a7 Kg5 48. Ne3 Kh5 49. Nc4 Ra2 50. Nb6 1-0

[Event "Detroit (RVO/1)"]
[Site "?"]
[Date "1990.??.??"]
[Round "?"]
[White "Davy, Erez"]
[Black "Haakonstad, Olaf"]
[Result "1/2-1/2"]
[WhiteElo "1605"]
[BlackElo "1970"]
[PlyCount "123"]
[EventDate "1990.??.??"]

1. d4 Nf6 2. Nc3 e6 3. e4 Bb4 4. Bd3 c5 5. Be3 cxd4 6. Bxd4 Nc6 7. Bb5 Nxd4 8.
Qxd4 Qa5 9. Bd3 O-O 10. Nge2 e5 11. Qe3 d5 12. exd5 Nxd5 13. Qxe5 Nxc3 14. Qxa5
Nxa2+ 15. Qxb4 Nxb4 16. Rd1 Bd7 17. O-O Bc6 18. Ng3 Rad8 19. Nf5 Rd7 20. Rfe1
Rfd8 21. Ne7+ Kf8 22. Nxc6 bxc6 23. Ra1 Nxd3 24. cxd3 Rb7 25. Red1 Rd4 26. Rac1
Rb6 27. g3 a5 28. Kg2 Rdb4 29. Rc5 R4b5 30. Rdc1 Rxc5 31. Rxc5 a4 32. Ra5 Rb4
33. Ra6 Ke7 34. Rxc6 Rxb2 35. Ra6 Ra2 36. Kf3 a3 37. Ke3 Ra1 38. Kd4 a2 39. Kc3
Rc1+ 40. Kb2 Rf1 41. Rxa2 Rxf2+ 42. Kb3 Rxa2 43. Kxa2 f5 44. Kb3 Kd6 45. Kc4 g5
46. Kd4 Ke6 47. Ke3 Kd5 48. h3 h5 49. Kf3 Kd4 50. Ke2 g4 51. h4 Ke5 52. Ke3 Kd5
53. Kf4 Kd4 54. Kxf5 Kxd3 55. Kg5 Ke3 56. Kxh5 Kf3 57. Kg6 Kxg3 58. h5 Kf2 59.
h6 g3 60. h7 g2 61. h8=Q g1=Q+ 62. Kf7 1/2-1/2